000 00866nam a2200265 a 4500
001 55385
003 BD-RjUL
005 20211209080246.0
008 161116s1962 enka 000 0 eng u
035 _a(BD-RjUL)55507
040 _aMIA
_dUKM
_dBD-RjUL
_beng
_cBD-RjUL
041 1 _aeng
_hfre
082 _223
_a709
_bBAC 1958
090 _b.B393
100 1 _aBazin, Germain.
_9164971
245 1 2 _aA concise history of art /
_cGermain Bazin.
250 _arev. ed.
260 _aLondon :
_bThames and Hudson,
_c1962
300 _a534 p. :
_bill. ;
_c22 cm.
500 _aTranslation of Histoire de l'art, de la préhistoire à nos jours
505 _apt. 1. From the beginnings to the fifteenth century -- pt. 2. From the Renaissance to the present day.
650 0 _aArt
_xHistory.
_9123574
700 1 _aScarfe, Francis,
_d1911-1986
_9164972
942 _2ddc
_cBK
999 _c55385
_d55385